<?xml version="1.0" encoding="UTF-8"?><?xml-stylesheet type="text/xsl" href="static/style.xsl"?><OAI-PMH xmlns="http://www.openarchives.org/OAI/2.0/" xmlns:xsi="http://www.w3.org/2001/XMLSchema-instance" xsi:schemaLocation="http://www.openarchives.org/OAI/2.0/ http://www.openarchives.org/OAI/2.0/OAI-PMH.xsd"><responseDate>2026-04-14T08:06:09Z</responseDate><request verb="GetRecord" identifier="oai:www.recercat.cat:2072/428369" metadataPrefix="marc">https://recercat.cat/oai/request</request><GetRecord><record><header><identifier>oai:recercat.cat:2072/428369</identifier><datestamp>2024-10-31T02:06:44Z</datestamp><setSpec>com_2072_98</setSpec><setSpec>col_2072_378192</setSpec></header><metadata><record xmlns="http://www.loc.gov/MARC21/slim" xmlns:dcterms="http://purl.org/dc/terms/" xmlns:xsi="http://www.w3.org/2001/XMLSchema-instance" xmlns:doc="http://www.lyncode.com/xoai" xsi:schemaLocation="http://www.loc.gov/MARC21/slim http://www.loc.gov/standards/marcxml/schema/MARC21slim.xsd">
   <leader>00925njm 22002777a 4500</leader>
   <datafield ind2=" " ind1=" " tag="042">
      <subfield code="a">dc</subfield>
   </datafield>
   <datafield ind2=" " ind1=" " tag="720">
      <subfield code="a">Carrión Candel, Elena</subfield>
      <subfield code="e">author</subfield>
   </datafield>
   <datafield ind2=" " ind1=" " tag="260">
      <subfield code="c">2018</subfield>
   </datafield>
   <datafield ind2=" " ind1=" " tag="520">
      <subfield code="a">Esta propuesta didáctica pretende mostrar como en el aprendizaje de las lenguas las tecnologías de la información y comunicación (TIC), han creado un nuevo paradigma en los procesos de enseñanza-aprendizaje, contribuyendo a mejorar la praxis docente y permitiendo un aprendizaje más motivador y significativo por parte del alumnado. Planteamos la utilización de un blog como herramienta y estrategia educativa novedosa, que se centra en la puesta en práctica de diferentes recursos didácticos y multimedia para facilitar la enseñanza de la música en inglés en Educación Secundaria, a través del desarrollo de la competencia digital y la gamificación. Emplearemos en todo el proceso la metodología AICLE, que permite integrar contenidos en lenguas extranjeras a través de disciplinas no lingüísticas, utilizando las nuevas tecnologías como un excelente aliado para lograr el aprendizaje de idiomas. Se concibe este trabajo mediante una metodología práctica, cooperativa y centrada en el alumno, con un diseño activo, colaborativo y comunicativo adecuado para la educación integral de nuestros jóvenes.</subfield>
   </datafield>
   <datafield ind2=" " ind1=" " tag="520">
      <subfield code="a">This didactical proposal aims to demonstrate how in the learning of languages, information and communication technology (ICT), has created a new paradigm in the teaching-learning process, contributing to an improvement in the practise of teachers and permitting a more motivating and significant learning experience for students. Let's use as an example, the use of a blog as a tool and innovative educational strategy, which is centred on putting various teaching resources into practice, and also the use of multimedia to facilitate the teaching of music in English in secondary education, through the development of digital competence and gamification. We will utilise throughout the process, the methodology of AICLE, which permits the integration of contents in foreign languages through non-linguistic disciplines, using new technologies as an excellent ally to achieve the learning of languages. We conceive this task with a practical and collaborative methodology, centred in the student, with an active design and a communicative approach adequate for the education of our youngsters.</subfield>
   </datafield>
   <datafield tag="653" ind2=" " ind1=" ">
      <subfield code="a">Competencia digital</subfield>
   </datafield>
   <datafield tag="653" ind2=" " ind1=" ">
      <subfield code="a">Blog</subfield>
   </datafield>
   <datafield tag="653" ind2=" " ind1=" ">
      <subfield code="a">Música</subfield>
   </datafield>
   <datafield tag="653" ind2=" " ind1=" ">
      <subfield code="a">Enseñanza bilingüe</subfield>
   </datafield>
   <datafield tag="653" ind2=" " ind1=" ">
      <subfield code="a">Recursos didácticos y multimedia</subfield>
   </datafield>
   <datafield tag="653" ind2=" " ind1=" ">
      <subfield code="a">Aprendizaje cooperativo</subfield>
   </datafield>
   <datafield tag="653" ind2=" " ind1=" ">
      <subfield code="a">Digital competence</subfield>
   </datafield>
   <datafield tag="653" ind2=" " ind1=" ">
      <subfield code="a">Music</subfield>
   </datafield>
   <datafield tag="653" ind2=" " ind1=" ">
      <subfield code="a">Bilingual education</subfield>
   </datafield>
   <datafield tag="653" ind2=" " ind1=" ">
      <subfield code="a">Teaching resources and multimedia</subfield>
   </datafield>
   <datafield tag="653" ind2=" " ind1=" ">
      <subfield code="a">Cooperative learning</subfield>
   </datafield>
   <datafield ind2="0" ind1="0" tag="245">
      <subfield code="a">Experiencias TIC en la enseñanza bilingüe mediante recursos digitales musicales</subfield>
   </datafield>
</record></metadata></record></GetRecord></OAI-PMH>